Culture Générale - Série 2549 - Statistiques

Statistiques générales
  • Ce quiz a été pris 191 fois
  • Le résultat moyen est 6 sur 10
Statistiques - réponses
Question Réponse % Correct
De quel pays Sucre est-elle la capitale ? Bolivie
86%
De quel archipel Tenerife est-elle la plus grande île ? îles Canaries
78%
De quel pays Nicolás Maduro est-il le Président de la République depuis 2013 ? Venezuela
69%
Quelle ancienne gare parisienne est devenue un musée en 1986 ? Orsay
68%
Quel est le plus long fleuve d’Europe ? Volga
68%
Lorsque l’on perd une partie de pétanque sans marquer aucun point, on dit que l’on est… Fanny
63%
Complétez l’expression suivante qui désigne quelqu'un d'ivre : « Rond comme une queue de… » : pelle
63%
Quel pays a un condor représenté sur son drapeau national ? Equateur
48%
Dans quel état des Etats Unis peut-on admirer le mémorial du mont Rushmore ? voir photo Dakota du sud
37%
Quel est le vrai nom d'Eddy Mitchell ? Claude Moine
29%
Aucun quiz correspondant
Distribution des résultats
% des personnes avec chaque résultat
Percentile par nombre de réponses
Votre historique - résultats
Vous n’avez pas pris ce quiz